Giáo trình nguyên lí các hệ điều hành

Spremljeno u:
Bibliografski detalji
Glavni autor: Hà Quang Thụy (Tác giả)
Format: Knjiga
Jezik:Vietnamese
Izdano: H. Khoa học và kỹ thuật 2003
Teme:
Oznake: Dodaj oznaku
Bez oznaka, Budi prvi tko označuje ovaj zapis!
Thư viện lưu trữ: Mạng thư viện Đại học Đà Nẵng
LEADER 01097nam a2200337 4500
001 000009326
003 5522
005 20111026151012.0
008 111026s2003 viesd
020 |c 19000đ 
041 0 |a vie 
082 |a 005.4071  |b HA-T 
100 0 |a Hà Quang Thụy  |e Tác giả 
245 0 |a Giáo trình nguyên lí các hệ điều hành  |c Hà Quang Thụy 
260 |a H.  |b Khoa học và kỹ thuật  |c 2003 
300 |a 155tr.  |c 24 cm 
653 |a Tin học 
653 |a Giáo trình 
653 |a Hệ điều hành 
700 |a Hà Quang Thụy  |e Tác giả 
910 |a Đỗ Phú Quý  |d 26/10/2011 
OWN |a LSP 
AVA |a UDN50  |b LSP  |d 005.4071 HA-T  |e available  |t Error 5001 Not defined in file expand_doc_bib_avail.  |f 4  |g 0  |h N  |i 0  |k 1 
999 |a From the UDN01 
AVA |a UDN50  |b LSP  |d 005.4071 HA-T  |e available  |t Error 5001 Not defined in file expand_doc_bib_avail.  |f 4  |g 0  |h N  |i 0  |k 1 
TYP |a Monograph 
TYP |a Printed language 
980 |a Mạng thư viện Đại học Đà Nẵng